000 00916cam a22002171 4500
001 he 68003836
003 DLC
005 20260227111507.0
008 870526r19641912is 000 0 hebr
010 _ahe 68003836
035 _a(OCoLC)15730262
040 _aDLC
_cTxU
_dTxU
_dDLC
050 0 0 _aBJ1287.A33
_bI3 1964
100 1 _aAlami, Solomon,
_dactive 15th century.
245 1 0 _aIgeret musar
_cshe-shalaḥ Shelomoh Al-ʻAmi le-talmido mi-Portugʼal ... mevaʼer lo kol midot ḥashuvot ... be-ḥokhmah, ba-musar, ba-yirʼah ... ve-gam kol midot megunot ... ve-nilvah la-zeh devarim ... [me-et] R. Y. M mi-Gur ve-Ḥanokh Ḥenikh ha-Kohen mi-Aleksandr.
260 _aYerushalayim,
_c725 [1964/65]
300 _a32 p.
_c22 cm.
500 _aPhoto-offset of Piotrków, 1912 ed.
501 _aBound with Teomim, Joseph ben Meir. Matan sekharan shel mitsvot [Jerusalem, 1964/65]
650 0 _aJewish ethics.
999 _c33991
_d33991